Action Research: A Guide for the Teacher Researcher (Record no. 2412)

MARC details
005 - DATE AND TIME OF LATEST TRANSACTION
control field 20250516132819.0
020 ## - INTERNATIONAL STANDARD BOOK NUMBER
International Standard Book Number 0-13-172276-X
082 ## - DEWEY DECIMAL CLASSIFICATION NUMBER
Classification number LECT 370.72 MIL
100 ## - MAIN ENTRY--PERSONAL NAME
Author name MILLS, G. E.
245 ## - TITLE STATEMENT
Title Action Research: A Guide for the Teacher Researcher
250 ## - EDITION STATEMENT
Edition statement 3rd Ed.
260 ## - PUBLICATION, DISTRIBUTION, ETC.
Place of publication, distribution, etc. New Jersey,
Name of publisher, distributor, etc. Pearson,
Date of publication, distribution, etc. 2007.
300 ## - PHYSICAL DESCRIPTION
Extent xvii, 254p.: ill.; figure, graph, table.
Other physical details Index & Reference.
Dimensions 23cm.
856 ## - ELECTRONIC LOCATION AND ACCESS
Link text Access Online Book
Electronic name Action Research
Path http://www.prenhall.com/mills
942 ## - ADDED ENTRY ELEMENTS (KOHA)
Source of classification or shelving scheme Dewey Decimal Classification
Koha item type Books
Holdings
Date last seen Total checkouts Full call number Barcode Cost, replacement price Price effective from Koha item type Lost status Source of classification or shelving scheme Damaged status Not for loan Withdrawn status Home library Current library Shelving location Date acquired Cost, normal purchase price
05/16/2025   LECT 370.72 MIL 0000009064 79500.00 05/16/2025 Books   Dewey Decimal Classification       College of Business Education Main Library College of Business Education Main Library General Collection 10/26/2005 26500.00
05/16/2025   LECT 370.72 MIL 0000009065 79500.00 05/16/2025 Books   Dewey Decimal Classification       College of Business Education Main Library College of Business Education Main Library General Collection 10/26/2005 26500.00
05/16/2025   LECT 370.72 MIL 0000009066 79500.00 05/16/2025 Books   Dewey Decimal Classification       College of Business Education Main Library College of Business Education Main Library General Collection 10/26/2005 26500.00
05/16/2025   LECT 370.72 MIL 0000009067 79500.00 05/16/2025 Books   Dewey Decimal Classification       College of Business Education Main Library College of Business Education Main Library General Collection 10/26/2005 26500.00
05/29/2025   LECT 370.72 MIL 00000010432 79500.00 05/29/2025 Books   Dewey Decimal Classification       College of Business Education Main Library College of Business Education Main Library General Collection 10/26/2005 26500.00